Historical Epithets - Statistics

General Stats
  • This quiz has been taken 18 times
  • The average score is 9 of 20
Answer Stats
Picture Answer % Correct
Alexander the Great
88%
André the Giant
81%
Vlad the Impaler
81%
Catherine the Great
63%
Ivan the Terrible
56%
Jack the Ripper
56%
William the Conqueror
56%
Bill Nye the Science Guy
50%
Billy the Kid
50%
Peter the Great
50%
Richard the Lionheart
50%
Suleiman the Magnificent
44%
Attila the Hun
38%
Larry the Cable Guy
38%
John the Baptist
31%
Æthelred the Unready
25%
Charles the Bald
19%
Charles the Hammer
19%
Pliny the Elder
13%
Ivar the Boneless
6%
No matching quizzes found
Score Distribution
Percent of People with Each Score
Percentile by Number Answered
Your Score History
You have not taken this quiz